| 000 | 00838nam a2200301Ia 4500 | ||
|---|---|---|---|
| 008 | 170203s9999 xx 000 0 und d | ||
| 020 | _a9780545103671 | ||
| 050 | _aFic | ||
| 050 | _bS856d | ||
| 100 | _aStilton, Thea. | ||
| 245 | _aThea Stilton and the dragon's code / | ||
| 245 | _ctext by Thea Stilton. | ||
| 260 | _aNew York : | ||
| 260 | _bScholastic Inc., | ||
| 260 | _c2009 | ||
| 300 | _a158 pages : | ||
| 300 | _bcolor illustrations, color map ; | ||
| 300 | _c20 cm | ||
| 440 | _aThea Stilton ; | ||
| 440 | _vbk. 1. | ||
| 500 | _aOriginally published: Milan, Italy : Atlantyca S.p.A, c2005. | ||
| 650 | _aJournalists -- | ||
| 650 | _aMice -- | ||
| 650 | _aStilton, Geronimo (Fictitious character) -- | ||
| 650 | _xJuvenile fiction. | ||
| 650 | _xJuvenile fiction. | ||
| 650 | _xJuvenile fiction. | ||
| 999 |
_c306252 _d306252 |
||